000 00340pab a2200145 454500
008 180718b2002 xxu||||| |||| 00| 0 eng d
100 _aPowar, K.B.
245 _aOnline education: the quality imperative
260 _c2002
300 _ap.87-91
362 _a28 Jan
650 _aEducation
773 _aUniversity News
909 _a51506
999 _c51506
_d51506